[Event "DVM U12w 2024"]
[Site "Bad Homburg GER"]
[Date "2024.12.30"]
[Round "7"]
[White "Augustin, Luisa"]
[Black "Daaboul, Ulla"]
[Result "0-1"]
[Termination "normal"]
[Board "9.4"]
[WhiteElo "797"]
[BlackElo "787"]
[WhiteClock "01:22:36"]
[BlackClock "01:18:15"]
[WhiteTeam "SF Brackel 1930"]
[BlackTeam "SG Porz 2"]
[PlyCount "60"]
[WhiteFideId "533025983"]
[BlackFideId "533025991"]
[EventCountry "GER"]
[EventRounds "7"]
[EventType "team-swiss"]
[EventDate "2024.12.26"]

1. e4 {[%clk 01:30:57]} {[%emt 00:00:01]} c5 {[%clk 01:30:54]} {[%emt
00:00:07]} 2. d4 {[%clk 01:31:22]} {[%emt 00:00:05]} cxd4 {[%clk 01:31:15]}
{[%emt 00:00:10]} 3. Nd2 {[%clk 01:31:42]} {[%emt 00:00:09]} d6 {[%clk
01:31:18]} {[%emt 00:00:26]} 4. Ngf3 {[%clk 01:31:50]} {[%emt 00:00:22]} Nf6
{[%clk 01:31:33]} {[%emt 00:00:15]} 5. Nxd4 {[%clk 01:32:04]} {[%emt 00:00:16]}
g6 {[%clk 01:31:50]} {[%emt 00:00:13]} 6. Bb5+ {[%clk 01:32:21]} {[%emt
00:00:14]} Bd7 {[%clk 01:31:56]} {[%emt 00:00:23]} 7. a4 {[%clk 01:31:17]}
{[%emt 00:01:33]} a6 {[%clk 01:32:18]} {[%emt 00:00:09]} 8. Bxd7+ {[%clk
01:31:21]} {[%emt 00:00:26]} Nbxd7 {[%clk 01:32:33]} {[%emt 00:00:15]} 9. O-O
{[%clk 01:31:25]} {[%emt 00:00:26]} Bg7 {[%clk 01:32:53]} {[%emt 00:00:10]} 10.
N2f3 {[%clk 01:31:33]} {[%emt 00:00:23]} Nxe4 {[%clk 01:32:53]} {[%emt
00:00:29]} 11. Qd3 {[%clk 01:31:26]} {[%emt 00:00:39]} Ndc5 {[%clk 01:32:37]}
{[%emt 00:00:45]} 12. Qc4 {[%clk 01:30:42]} {[%emt 00:01:14]} O-O {[%clk
01:32:45]} {[%emt 00:00:22]} 13. Bf4 {[%clk 01:26:23]} {[%emt 00:04:50]} Rc8
{[%clk 01:32:39]} {[%emt 00:00:36]} 14. Qd5 {[%clk 01:26:04]} {[%emt 00:00:49]}
Nf6 {[%clk 01:32:29]} {[%emt 00:00:41]} 15. Qg5 {[%clk 01:25:42]} {[%emt
00:00:51]} Nce4 {[%clk 01:31:49]} {[%emt 00:01:10]} 16. Qh4 {[%clk 01:24:48]}
{[%emt 00:01:24]} e5 {[%clk 01:31:32]} {[%emt 00:00:46]} 17. Bg5 {[%clk
01:24:24]} {[%emt 00:00:55]} exd4 {[%clk 01:31:26]} {[%emt 00:00:37]} 18. Rad1
{[%clk 01:24:26]} {[%emt 00:00:26]} Nxg5 {[%clk 01:31:06]} {[%emt 00:00:50]}
19. Nxg5 {[%clk 01:24:45]} {[%emt 00:00:11]} Rxc2 {[%clk 01:29:51]} {[%emt
00:01:44]} 20. Rxd4 {[%clk 01:25:02]} {[%emt 00:00:14]} Nh5 {[%clk 01:29:50]}
{[%emt 00:00:30]} 21. Rf4 {[%clk 01:24:54]} {[%emt 00:00:40]} Bf6 {[%clk
01:29:17]} {[%emt 00:01:01]} 22. Rxf6 {[%clk 01:23:28]} {[%emt 00:01:58]} Qxf6
{[%clk 01:28:45]} {[%emt 00:01:02]} 23. g4 {[%clk 01:23:35]} {[%emt 00:00:23]}
Qg7 {[%emt 00:00:43]} 24. gxh5 {[%emt 00:00:48]} h6 {[%emt 00:01:54]} 25. Ne4
{[%emt 00:05:55]} Rc4 {[%clk 01:19:16]} {[%emt 00:00:39]} 26. b3 {[%clk
01:23:24]} {[%emt 00:00:42]} Rd4 {[%clk 01:19:35]} {[%emt 00:00:10]} 27. Nf6+
{[%clk 01:22:18]} {[%emt 00:01:36]} Kh8 {[%clk 01:18:32]} {[%emt 00:01:32]} 28.
Qxd4 {[%clk 01:22:34]} {[%emt 00:00:16]} gxh5+ {[%clk 01:18:32]} {[%emt
00:00:28]} 29. Kh1 {[%clk 01:22:47]} {[%emt 00:00:19]} Rg8 {[%clk 01:18:15]}
{[%emt 00:00:44]} 30. Qxd6 {[%clk 01:22:36]} {[%emt 00:00:45]} Qg2# {[%emt
00:00:21]} 0-1

[Event "DVM U12w 2024"]
[Site "Bad Homburg GER"]
[Date "2024.12.30"]
[Round "7"]
[White "Kübart, Ela Marie"]
[Black "Bacakova, Klara"]
[Result "1/2-1/2"]
[Termination "normal"]
[Board "10.1"]
[WhiteElo "1561"]
[BlackElo "1539"]
[WhiteClock "00:29:38"]
[BlackClock "00:50:08"]
[WhiteTeam "SK Freiburg-Zähringen 1887"]
[BlackTeam "SG Leipzig"]
[PlyCount "42"]
[WhiteFideId "34633723"]
[BlackFideId "34605762"]
[EventCountry "GER"]
[EventRounds "7"]
[EventType "team-swiss"]
[EventDate "2024.12.26"]

1. d4 {[%clk 01:30:58]} d5 {[%clk 01:30:54]} {[%emt 00:00:06]} 2. Nf3 {[%clk
01:31:25]} {[%emt 00:00:04]} Nf6 {[%clk 01:31:12]} {[%emt 00:00:11]} 3. e3
{[%clk 01:31:48]} {[%emt 00:00:07]} e6 {[%clk 01:31:28]} {[%emt 00:00:13]} 4.
Bd3 {[%clk 01:31:57]} {[%emt 00:00:21]} Nbd7 {[%clk 01:30:45]} {[%emt
00:01:14]} 5. c3 {[%clk 01:32:11]} {[%emt 00:00:16]} c5 {[%clk 01:30:34]}
{[%emt 00:00:40]} 6. Nbd2 {[%clk 01:32:20]} {[%emt 00:00:22]} Be7 {[%clk
01:30:35]} {[%emt 00:00:29]} 7. O-O {[%clk 01:28:21]} {[%emt 00:04:28]} O-O
{[%clk 01:30:49]} {[%emt 00:00:16]} 8. Re1 {[%clk 01:28:40]} {[%emt 00:00:11]}
Bd6 {[%clk 01:21:00]} {[%emt 00:10:19]} 9. e4 {[%clk 01:23:34]} {[%emt
00:05:37]} e5 {[%clk 01:20:16]} {[%emt 00:01:13]} 10. dxe5 {[%clk 01:21:59]}
{[%emt 00:02:04]} Nxe5 {[%clk 01:14:29]} {[%emt 00:06:18]} 11. Nxe5 {[%clk
01:20:54]} {[%emt 00:01:35]} Bxe5 {[%clk 01:14:49]} {[%emt 00:00:11]} 12. exd5
{[%clk 01:20:20]} {[%emt 00:01:04]} Qxd5 {[%clk 01:14:10]} {[%emt 00:01:09]}
13. Nf3 {[%clk 01:16:38]} {[%emt 00:04:12]} Bc7 {[%clk 01:11:28]} {[%emt
00:03:11]} 14. Bg5 {[%clk 01:15:08]} {[%emt 00:02:00]} Qc6 {[%clk 01:09:34]}
{[%emt 00:02:25]} 15. h3 {[%clk 01:00:34]} {[%emt 00:15:04]} b6 {[%clk
01:00:51]} {[%emt 00:09:13]} 16. Qc2 {[%clk 00:59:27]} {[%emt 00:01:36]} Kh8
{[%clk 00:58:16]} {[%emt 00:03:06]} 17. Bxf6 {[%clk 00:46:08]} {[%emt
00:13:49]} Qxf6 {[%clk 00:58:30]} {[%emt 00:00:16]} 18. Be4 {[%clk 00:45:52]}
{[%emt 00:00:45]} Rb8 {[%clk 00:58:26]} {[%emt 00:00:34]} 19. Rad1 {[%clk
00:44:23]} {[%emt 00:01:56]} Be6 {[%clk 00:54:01]} {[%emt 00:04:58]} 20. a3
{[%clk 00:38:31]} {[%emt 00:06:22]} a5 {[%clk 00:51:50]} {[%emt 00:02:42]} 21.
c4 {[%clk 00:29:38]} {[%emt 00:09:23]} Rbd8 {[%clk 00:50:08]} {[%emt 00:02:12]}
1/2-1/2

[Event "DVM U12w 2024"]
[Site "Bad Homburg GER"]
[Date "2024.12.30"]
[Round "7"]
[White "Rose, Malina Rita"]
[Black "Nehrukumar, Rithika"]
[Result "0-1"]
[Termination "normal"]
[Board "10.2"]
[WhiteElo "1503"]
[BlackElo "1147"]
[WhiteClock "01:13:38"]
[BlackClock "01:36:07"]
[WhiteTeam "SG Leipzig"]
[BlackTeam "SK Freiburg-Zähringen 1887"]
[PlyCount "98"]
[WhiteFideId "34665749"]
[BlackFideId "34660550"]
[EventCountry "GER"]
[EventRounds "7"]
[EventType "team-swiss"]
[EventDate "2024.12.26"]

1. e4 {[%clk 01:30:58]} e5 {[%clk 01:30:58]} {[%emt 00:00:03]} 2. Nf3 {[%clk
01:31:17]} {[%emt 00:00:11]} Nc6 {[%clk 01:31:21]} {[%emt 00:00:07]} 3. Bc4
{[%clk 01:31:37]} {[%emt 00:00:07]} Bc5 {[%clk 01:31:46]} {[%emt 00:00:07]} 4.
Nc3 {[%clk 01:31:49]} {[%emt 00:00:18]} d6 {[%clk 01:32:06]} {[%emt 00:00:10]}
5. d3 {[%clk 01:31:54]} {[%emt 00:00:25]} Nf6 {[%clk 01:32:27]} {[%emt
00:00:09]} 6. Bg5 {[%clk 01:32:09]} {[%emt 00:00:13]} h6 {[%clk 01:32:53]}
{[%emt 00:00:06]} 7. Bh4 {[%clk 01:32:22]} {[%emt 00:00:17]} g5 {[%clk
01:33:11]} {[%emt 00:00:12]} 8. Bg3 {[%clk 01:32:33]} {[%emt 00:00:20]} g4
{[%clk 01:33:06]} {[%emt 00:00:35]} 9. Nd2 {[%clk 01:31:28]} {[%emt 00:01:34]}
Be6 {[%clk 01:32:12]} {[%emt 00:01:24]} 10. Bxe6 {[%clk 01:31:01]} {[%emt
00:00:58]} fxe6 {[%clk 01:32:35]} {[%emt 00:00:08]} 11. Bh4 {[%clk 01:30:50]}
{[%emt 00:00:40]} Qe7 {[%clk 01:32:32]} {[%emt 00:00:33]} 12. h3 {[%clk
01:26:51]} {[%emt 00:04:28]} gxh3 {[%clk 01:31:19]} {[%emt 00:01:44]} 13. Rxh3
{[%clk 01:26:30]} {[%emt 00:00:50]} O-O-O {[%clk 01:31:37]} {[%emt 00:00:12]}
14. Qf3 {[%clk 01:26:15]} {[%emt 00:00:45]} Rdf8 {[%clk 01:31:25]} {[%emt
00:00:43]} 15. O-O-O {[%clk 01:25:53]} {[%emt 00:00:51]} Qf7 {[%clk 01:31:17]}
{[%emt 00:00:39]} 16. Bxf6 {[%clk 01:24:19]} {[%emt 00:02:04]} Qxf6 {[%clk
01:31:35]} {[%emt 00:00:12]} 17. Qxf6 {[%clk 01:24:39]} {[%emt 00:00:10]} Rxf6
{[%clk 01:32:01]} {[%emt 00:00:04]} 18. f3 {[%clk 01:24:57]} {[%emt 00:00:12]}
Rg8 {[%emt 00:02:17]} 19. Rdh1 {[%clk 01:23:54]} {[%emt 00:00:01]} Be3 {[%clk
01:31:51]} {[%emt 00:00:25]} 20. Rd1 {[%clk 01:23:10]} {[%emt 00:01:13]} Rxg2
{[%clk 01:32:09]} {[%emt 00:00:14]} 21. a3 {[%clk 01:21:29]} {[%emt 00:02:12]}
Rf2 {[%clk 01:32:08]} {[%emt 00:00:30]} 22. Ncb1 {[%clk 01:16:58]} {[%emt
00:04:59]} R2xf3 {[%clk 01:31:03]} {[%emt 00:01:36]} 23. Rxf3 {[%clk 01:17:02]}
{[%emt 00:00:25]} Rxf3 {[%clk 01:31:27]} {[%emt 00:00:06]} 24. Re1 {[%clk
01:13:08]} {[%emt 00:04:25]} h5 {[%clk 01:31:35]} {[%emt 00:00:23]} 25. Rh1
{[%clk 01:13:14]} {[%emt 00:00:23]} Rg3 {[%clk 01:30:54]} {[%emt 00:01:11]} 26.
b3 {[%clk 01:12:26]} {[%emt 00:01:18]} Rg5 {[%clk 01:30:14]} {[%emt 00:01:10]}
27. Kd1 {[%clk 01:12:16]} {[%emt 00:00:39]} Rg1+ {[%clk 01:30:26]} {[%emt
00:00:19]} 28. Rxg1 {[%clk 01:12:19]} {[%emt 00:00:27]} Bxg1 {[%clk 01:30:51]}
{[%emt 00:00:05]} 29. Nf3 {[%clk 01:12:35]} {[%emt 00:00:13]} Bf2 {[%clk
01:31:11]} {[%emt 00:00:11]} 30. Ke2 {[%clk 01:12:38]} {[%emt 00:00:27]} Bg3
{[%clk 01:31:20]} {[%emt 00:00:09]} 31. Nbd2 {[%clk 01:12:34]} {[%emt
00:00:45]} h4 {[%clk 01:31:43]} {[%emt 00:00:07]} 32. Ng1 {[%clk 01:12:14]}
{[%emt 00:00:49]} Nd4+ {[%clk 01:32:05]} {[%emt 00:00:09]} 33. Kf1 {[%clk
01:11:33]} {[%emt 00:01:09]} Nxc2 {[%clk 01:32:28]} {[%emt 00:00:09]} 34. a4
{[%clk 01:11:44]} {[%emt 00:00:19]} Nb4 {[%clk 01:32:21]} {[%emt 00:00:37]} 35.
Kg2 {[%clk 01:11:41]} {[%emt 00:00:27]} Nxd3 {[%clk 01:32:39]} {[%emt
00:00:18]} 36. Ndf3 {[%clk 01:11:41]} {[%emt 00:00:27]} Nc5 {[%clk 01:32:45]}
{[%emt 00:00:26]} 37. Kh3 {[%clk 01:11:24]} {[%emt 00:00:47]} Nxe4 {[%clk
01:32:57]} {[%emt 00:00:18]} 38. Nxh4 {[%clk 01:11:05]} {[%emt 00:00:49]} Bxh4
{[%clk 01:33:18]} {[%emt 00:00:10]} 39. Kxh4 {[%clk 01:11:21]} {[%emt
00:00:13]} Nc5 {[%clk 01:33:47]} 40. Ne2 {[%clk 01:11:31]} {[%emt 00:00:21]}
Nxb3 {[%clk 01:34:12]} {[%emt 00:00:06]} 41. Kg5 {[%clk 01:11:48]} {[%emt
00:00:12]} Kd7 {[%clk 01:34:35]} {[%emt 00:00:08]} 42. Nc3 {[%clk 01:11:53]}
{[%emt 00:00:24]} d5 {[%clk 01:34:53]} {[%emt 00:00:12]} 43. Nb5 {[%clk
01:11:58]} {[%emt 00:00:23]} a6 {[%clk 01:35:10]} {[%emt 00:00:15]} 44. Nc3
{[%clk 01:12:14]} {[%emt 00:00:13]} d4 {[%clk 01:35:28]} {[%emt 00:00:13]} 45.
Ne4 {[%clk 01:12:30]} {[%emt 00:00:13]} d3 {[%clk 01:35:46]} {[%emt 00:00:12]}
46. Nc3 {[%clk 01:12:50]} {[%emt 00:00:10]} d2 {[%clk 01:36:00]} {[%emt
00:00:16]} 47. Kg4 {[%clk 01:13:08]} {[%emt 00:00:12]} Nc5 {[%clk 01:36:21]}
{[%emt 00:00:10]} 48. a5 {[%clk 01:13:20]} {[%emt 00:00:17]} Nd3 {[%clk
01:35:42]} {[%emt 00:01:09]} 49. Kf3 {[%clk 01:13:38]} {[%emt 00:00:11]} Nb2
{[%clk 01:36:07]} {[%emt 00:00:06]} 0-1

[Event "DVM U12w 2024"]
[Site "Bad Homburg GER"]
[Date "2024.12.30"]
[Round "7"]
[White "Haas, Valentina"]
[Black "Bacakova, Johanna"]
[Result "1/2-1/2"]
[Termination "normal"]
[Board "10.3"]
[WhiteElo "974"]
[BlackElo "1045"]
[WhiteClock "01:24:41"]
[BlackClock "00:19:11"]
[WhiteTeam "SK Freiburg-Zähringen 1887"]
[BlackTeam "SG Leipzig"]
[PlyCount "89"]
[WhiteFideId "34660461"]
[BlackFideId "533006849"]
[EventCountry "GER"]
[EventRounds "7"]
[EventType "team-swiss"]
[EventDate "2024.12.26"]

1. e4 {[%clk 01:30:57]} {[%emt 00:00:02]} c5 {[%clk 01:30:52]} {[%emt
00:00:08]} 2. Nc3 {[%clk 01:31:20]} {[%emt 00:00:07]} e6 {[%clk 01:31:02]}
{[%emt 00:00:18]} 3. Bc4 {[%clk 01:31:40]} {[%emt 00:00:12]} a6 {[%clk
01:31:11]} {[%emt 00:00:21]} 4. a4 {[%clk 01:32:02]} {[%emt 00:00:08]} Nc6
{[%clk 01:30:55]} {[%emt 00:00:46]} 5. d3 {[%clk 01:32:18]} {[%emt 00:00:14]}
Nf6 {[%clk 01:30:11]} {[%emt 00:01:13]} 6. f4 {[%clk 01:32:32]} {[%emt
00:00:17]} d6 {[%clk 01:29:41]} {[%emt 00:00:58]} 7. Nf3 {[%clk 01:32:42]}
{[%emt 00:00:22]} Be7 {[%clk 01:21:48]} {[%emt 00:08:22]} 8. e5 {[%clk
01:30:02]} {[%emt 00:03:11]} dxe5 {[%clk 01:18:12]} {[%emt 00:04:06]} 9. fxe5
{[%clk 01:30:22]} {[%emt 00:00:10]} Ng4 {[%clk 01:17:46]} {[%emt 00:00:57]} 10.
Qe2 {[%clk 01:30:07]} {[%emt 00:00:45]} Qc7 {[%clk 01:06:52]} {[%emt 00:11:24]}
11. Bf4 {[%clk 01:30:08]} {[%emt 00:00:29]} Bd7 {[%clk 00:56:12]} {[%emt
00:11:09]} 12. h3 {[%clk 01:29:33]} {[%emt 00:01:07]} Nh6 {[%clk 00:55:23]}
{[%emt 00:01:19]} 13. Bxh6 {[%clk 01:29:39]} {[%emt 00:00:23]} gxh6 {[%clk
00:54:40]} {[%emt 00:01:13]} 14. g4 {[%clk 01:29:31]} {[%emt 00:00:39]} Rg8
{[%clk 00:53:20]} {[%emt 00:01:49]} 15. O-O-O {[%clk 01:26:04]} {[%emt
00:03:57]} Rg7 {[%clk 00:49:19]} {[%emt 00:04:31]} 16. Rhe1 {[%clk 01:26:10]}
{[%emt 00:00:24]} Na5 {[%clk 00:48:17]} {[%emt 00:01:32]} 17. Ba2 {[%clk
01:25:39]} {[%emt 00:01:01]} Bc6 {[%clk 00:47:54]} {[%emt 00:00:53]} 18. Kb1
{[%clk 01:25:17]} {[%emt 00:00:52]} Kd7 {[%clk 00:46:45]} {[%emt 00:01:38]} 19.
Ne4 {[%clk 01:24:40]} {[%emt 00:01:06]} Bxa4 {[%clk 00:44:33]} {[%emt
00:02:42]} 20. Nf6+ {[%clk 01:24:41]} {[%emt 00:00:30]} Bxf6 {[%emt 00:02:36]}
21. exf6 {[%clk 01:24:40]} Rg6 {[%clk 00:42:52]} {[%emt 00:00:36]} 22. Ne5+
{[%clk 01:25:02]} {[%emt 00:00:07]} Kd6 {[%clk 00:39:45]} {[%emt 00:03:36]} 23.
Nxg6 {[%clk 01:25:12]} {[%emt 00:00:21]} hxg6 {[%clk 00:39:38]} {[%emt
00:00:37]} 24. Qe5+ {[%clk 01:25:21]} {[%emt 00:00:21]} Kd7 {[%clk 00:38:30]}
{[%emt 00:01:38]} 25. Qxc7+ {[%clk 01:24:11]} {[%emt 00:01:40]} Kxc7 {[%clk
00:38:32]} {[%emt 00:00:28]} 26. b3 {[%clk 01:24:13]} {[%emt 00:00:28]} Bd7
{[%clk 00:37:35]} {[%emt 00:01:27]} 27. Re5 {[%clk 01:24:20]} {[%emt 00:00:24]}
b6 {[%clk 00:36:30]} {[%emt 00:01:35]} 28. h4 {[%clk 01:23:06]} {[%emt
00:01:44]} Nc6 {[%clk 00:34:24]} {[%emt 00:02:35]} 29. Re4 {[%clk 01:23:15]}
{[%emt 00:00:21]} Rd8 {[%clk 00:33:38]} {[%emt 00:01:15]} 30. Rh1 {[%clk
01:23:07]} {[%emt 00:00:39]} Nb4 {[%clk 00:31:58]} {[%emt 00:02:10]} 31. Kb2
{[%clk 01:22:44]} {[%emt 00:00:53]} Bc6 {[%clk 00:31:02]} {[%emt 00:01:27]} 32.
Ree1 {[%clk 01:22:40]} {[%emt 00:00:34]} Bxh1 {[%clk 00:30:44]} {[%emt
00:00:49]} 33. Rxh1 {[%clk 01:22:43]} {[%emt 00:00:28]} Rd4 {[%clk 00:29:58]}
{[%emt 00:01:16]} 34. g5 {[%clk 01:23:02]} {[%emt 00:00:11]} h5 {[%clk
00:29:01]} {[%emt 00:01:27]} 35. c3 {[%clk 01:23:19]} {[%emt 00:00:13]} Nxd3+
{[%clk 00:28:40]} {[%emt 00:00:51]} 36. Kc2 {[%clk 01:23:36]} {[%emt 00:00:13]}
Rd8 {[%clk 00:28:05]} {[%emt 00:01:05]} 37. Rd1 {[%clk 01:23:53]} {[%emt
00:00:13]} Nf4 {[%clk 00:27:09]} {[%emt 00:01:26]} 38. Rh1 {[%clk 01:23:28]}
{[%emt 00:00:54]} e5 {[%clk 00:26:31]} {[%emt 00:01:08]} 39. b4 {[%clk
01:23:34]} {[%emt 00:00:24]} cxb4 {[%clk 00:26:04]} {[%emt 00:00:57]} 40. cxb4
{[%clk 01:23:49]} {[%emt 00:00:15]} Rd7 {[%clk 00:25:20]} {[%emt 00:01:15]} 41.
Re1 {[%clk 01:23:56]} {[%emt 00:00:23]} Kd6 {[%clk 00:22:35]} {[%emt 00:03:15]}
42. Rd1+ {[%clk 01:24:00]} {[%emt 00:00:26]} Kc6 {[%clk 00:20:26]} {[%emt
00:02:40]} 43. Re1 {[%clk 01:24:11]} {[%emt 00:00:18]} Kd6 {[%clk 00:19:39]}
{[%emt 00:01:17]} 44. Rd1+ {[%clk 01:24:27]} {[%emt 00:00:14]} Kc6 {[%clk
00:19:11]} {[%emt 00:00:58]} 45. Re1 {[%clk 01:24:41]} {[%emt 00:00:10]}
1/2-1/2

[Event "DVM U12w 2024"]
[Site "Bad Homburg GER"]
[Date "2024.12.30"]
[Round "7"]
[White "Frank, Elisa"]
[Black "Senthilkumar, Vasanthi"]
[Result "0-1"]
[Termination "normal"]
[Board "10.4"]
[WhiteElo "801"]
[BlackElo "818"]
[WhiteClock "01:04:12"]
[BlackClock "01:29:32"]
[WhiteTeam "SG Leipzig"]
[BlackTeam "SK Freiburg-Zähringen 1887"]
[PlyCount "78"]
[WhiteFideId "533025967"]
[BlackFideId "34682511"]
[EventCountry "GER"]
[EventRounds "7"]
[EventType "team-swiss"]
[EventDate "2024.12.26"]

1. e4 {[%clk 01:30:59]} e5 {[%clk 01:30:54]} {[%emt 00:00:06]} 2. Nf3 {[%clk
01:31:26]} {[%emt 00:00:03]} Nc6 {[%clk 01:31:15]} {[%emt 00:00:10]} 3. Bc4
{[%clk 01:31:40]} {[%emt 00:00:15]} Bc5 {[%clk 01:31:36]} {[%emt 00:00:09]} 4.
O-O {[%clk 01:32:05]} {[%emt 00:00:05]} Nf6 {[%clk 01:31:58]} {[%emt 00:00:08]}
5. d3 {[%clk 01:32:09]} {[%emt 00:00:26]} h6 {[%clk 01:32:20]} {[%emt
00:00:08]} 6. a3 {[%clk 01:31:39]} {[%emt 00:01:01]} O-O {[%clk 01:32:35]}
{[%emt 00:00:14]} 7. Nc3 {[%clk 01:31:07]} {[%emt 00:01:02]} d6 {[%clk
01:32:56]} {[%emt 00:00:09]} 8. h3 {[%clk 01:31:14]} {[%emt 00:00:23]} Re8
{[%clk 01:33:04]} {[%emt 00:00:22]} 9. Re1 {[%clk 01:29:51]} {[%emt 00:01:54]}
Qe7 {[%clk 01:32:26]} {[%emt 00:01:07]} 10. Qe2 {[%clk 01:28:01]} {[%emt
00:02:20]} Be6 {[%clk 01:32:37]} {[%emt 00:00:18]} 11. Bxe6 {[%clk 01:27:37]}
{[%emt 00:00:54]} Qxe6 {[%clk 01:32:47]} {[%emt 00:00:21]} 12. Ng5 {[%clk
01:26:19]} {[%emt 00:01:48]} hxg5 {[%clk 01:33:00]} {[%emt 00:00:17]} 13. Bxg5
{[%clk 01:26:30]} {[%emt 00:00:18]} Rad8 {[%clk 01:32:27]} {[%emt 00:01:04]}
14. Nb5 {[%clk 01:23:15]} {[%emt 00:03:45]} Rc8 {[%clk 01:32:22]} {[%emt
00:00:35]} 15. Qf3 {[%clk 01:22:03]} {[%emt 00:01:41]} a6 {[%clk 01:31:31]}
{[%emt 00:01:22]} 16. Nc3 {[%clk 01:21:23]} {[%emt 00:01:10]} Nh7 {[%clk
01:30:53]} {[%emt 00:01:07]} 17. Bh4 {[%clk 01:19:30]} {[%emt 00:02:23]} Qh6
{[%clk 01:28:55]} {[%emt 00:02:29]} 18. Qg3 {[%clk 01:17:08]} {[%emt 00:02:52]}
Nd4 {[%clk 01:28:38]} {[%emt 00:00:45]} 19. Rac1 {[%clk 01:16:04]} {[%emt
00:01:36]} Re6 {[%clk 01:27:20]} {[%emt 00:01:49]} 20. Re3 {[%clk 01:12:51]}
{[%emt 00:03:43]} Qh5 {[%clk 01:26:43]} {[%emt 00:01:06]} 21. Rf3 {[%clk
01:12:28]} {[%emt 00:00:53]} Nxf3+ {[%clk 01:26:18]} {[%emt 00:00:54]} 22. gxf3
{[%clk 01:12:47]} {[%emt 00:00:12]} Rg6 {[%clk 01:26:10]} {[%emt 00:00:38]} 23.
Ne2 {[%clk 01:11:32]} {[%emt 00:01:45]} Rxg3+ {[%clk 01:26:28]} {[%emt
00:00:12]} 24. Nxg3 {[%clk 01:10:58]} {[%emt 00:00:22]} Qxh4 25. Kg2 {[%emt
00:01:37]} Re8 {[%emt 00:00:23]} 26. Rf1 {[%clk 01:09:41]} {[%emt 00:00:35]}
Re6 27. b4 {[%emt 00:02:04]} Rh6 {[%emt 00:00:33]} 28. Rh1 {[%emt 00:00:22]}
Rg6 {[%emt 00:00:53]} 29. bxc5 {[%clk 01:08:01]} {[%emt 00:00:15]} dxc5 30. Kh2
{[%clk 01:07:40]} {[%emt 00:02:04]} Ng5 31. Kg2 {[%emt 00:01:22]} Ne6 {[%emt
00:01:32]} 32. a4 {[%clk 01:06:39]} b5 {[%clk 01:28:09]} {[%emt 00:00:10]} 33.
axb5 {[%clk 01:06:42]} {[%emt 00:00:27]} axb5 {[%clk 01:28:20]} {[%emt
00:00:19]} 34. Rh2 {[%clk 01:06:39]} {[%emt 00:00:33]} Nd4 {[%clk 01:28:38]}
{[%emt 00:00:13]} 35. Rh1 {[%clk 01:06:21]} {[%emt 00:00:47]} Ne2 {[%emt
00:01:12]} 36. Rh2 {[%clk 01:04:33]} {[%emt 00:01:20]} Nxg3 {[%clk 01:29:08]}
{[%emt 00:00:16]} 37. fxg3 {[%clk 01:04:26]} Qxg3+ {[%clk 01:29:21]} {[%emt
00:00:54]} 38. Kf1 {[%clk 01:03:53]} {[%emt 00:01:03]} Qxh2 {[%clk 01:29:32]}
{[%emt 00:00:19]} 39. Ke1 {[%clk 01:04:12]} {[%emt 00:00:10]} Rg1# {[%emt
00:00:14]} 0-1